Pedestrian Road Safety Audit Guidelines and Prompt Lists / (Record no. 2257)

000 -LEADER
fixed length control field 00330 a2200097 4500
082 ## - DEWEY DECIMAL CLASSIFICATION NUMBER
Classification number 363.125 NAB
100 ## - MAIN ENTRY--PERSONAL NAME
Personal name Nabors, Dan
245 ## - TITLE STATEMENT
Title Pedestrian Road Safety Audit Guidelines and Prompt Lists /
Statement of responsibility, etc. Dan Nabors....[et al]
260 ## - PUBLICATION, DISTRIBUTION, ETC.
Place of publication, distribution, etc. Washington :
Name of publisher, distributor, etc. Federal Highway Administration,
Date of publication, distribution, etc. 2007
300 ## - PHYSICAL DESCRIPTION
Extent vi, 128p. :
Other physical details ill. ;
Dimensions 30 cm
650 ## - SUBJECT ADDED ENTRY--TOPICAL TERM
Topical term or geographic name entry element Pedestrian Road Safety
Holdings
Withdrawn status Lost status Damaged status Not for loan Permanent Location Current Location Shelving location Date acquired Total Checkouts Full call number Barcode Date last seen Price effective from Koha item type
        School of Civil and Environmental Engineering (SCEE) School of Civil and Environmental Engineering (SCEE)       363.125 NAB NIT-3876 01/05/2017 01/05/2017 Book
© 2023 Central Library, National University of Sciences and Technology. All Rights Reserved.